000 00690cam a2200253 4500
001 J105784
008 000000n2000 000 0 eng u
035 _a(Sirsi) u105784
050 _a306
110 _aChartered Institute of Housing
_92394
245 _aGood practice briefing : best value for housing staff. Issue 17 March 2000
260 _aCoventry
_bChartered Instittue of Housing
_c2000
300 _a15p. ; 30cm.
350 _a10.00
490 _aCIH Good Practice Briefing
_v17
650 _aBEST VALUE
650 _aAUDITS
650 _aBENCHMARKING
650 _aBEST PRACTICE
650 _aTARGETS
650 _aINSPECTIONS
690 _aHOUSING
942 _n0
999 _c100474
_d100474